<?xml version="1.0" encoding="UTF-8"?>
<record
    xmlns:xsi="http://www.w3.org/2001/XMLSchema-instance"
    xsi:schemaLocation="http://www.loc.gov/MARC21/slim http://www.loc.gov/standards/marcxml/schema/MARC21slim.xsd"
    xmlns="http://www.loc.gov/MARC21/slim">

  <leader>00838nam a2200265 i 4500</leader>
  <datafield tag="999" ind1=" " ind2=" ">
    <subfield code="c">3870</subfield>
    <subfield code="d">3870</subfield>
  </datafield>
  <controlfield tag="001">4498748</controlfield>
  <controlfield tag="003">OSt</controlfield>
  <controlfield tag="005">20181123162058.0</controlfield>
  <controlfield tag="008">781002s1978    caua          000 0aeng  </controlfield>
  <datafield tag="010" ind1=" " ind2=" ">
    <subfield code="a">78107081</subfield>
  </datafield>
  <datafield tag="040" ind1=" " ind2=" ">
    <subfield code="a">DLC</subfield>
    <subfield code="c">DLC</subfield>
    <subfield code="d">STU</subfield>
    <subfield code="d">m.c.</subfield>
  </datafield>
  <datafield tag="043" ind1=" " ind2=" ">
    <subfield code="a">n-us-ca</subfield>
  </datafield>
  <datafield tag="050" ind1="0" ind2=" ">
    <subfield code="a">BX6495.L67</subfield>
    <subfield code="b">A3</subfield>
  </datafield>
  <datafield tag="082" ind1=" " ind2=" ">
    <subfield code="a">286.1</subfield>
    <subfield code="a">B</subfield>
    <subfield code="b">L911M</subfield>
  </datafield>
  <datafield tag="100" ind1="1" ind2=" ">
    <subfield code="a">Lovett, C. S.</subfield>
    <subfield code="q">(Cummings Samuel),</subfield>
    <subfield code="d">1917-</subfield>
  </datafield>
  <datafield tag="245" ind1="1" ind2="0">
    <subfield code="a">C. S. Lovett, Maranatha Man :</subfield>
    <subfield code="b">an autobiography /</subfield>
    <subfield code="c">cover photos by Linda Lovett.</subfield>
  </datafield>
  <datafield tag="260" ind1=" " ind2=" ">
    <subfield code="a">Baldwin Park, Calif. :</subfield>
    <subfield code="b">Personal Christianity,</subfield>
    <subfield code="c">c1978.</subfield>
  </datafield>
  <datafield tag="300" ind1=" " ind2=" ">
    <subfield code="a">232 p. :</subfield>
    <subfield code="b">ill. ; pictures;</subfield>
    <subfield code="c">21 cm.</subfield>
  </datafield>
  <datafield tag="600" ind1="1" ind2="0">
    <subfield code="a">Lovett, C. S.</subfield>
    <subfield code="q">(Cummings Samuel),</subfield>
    <subfield code="d">1917-</subfield>
  </datafield>
  <datafield tag="650" ind1=" " ind2="0">
    <subfield code="a">Baptists</subfield>
    <subfield code="x">Clergy</subfield>
    <subfield code="v">Biography.</subfield>
  </datafield>
  <datafield tag="650" ind1=" " ind2="0">
    <subfield code="a">Clergy</subfield>
    <subfield code="z">California</subfield>
    <subfield code="v">Biography.</subfield>
  </datafield>
  <datafield tag="651" ind1=" " ind2="0">
    <subfield code="a">California</subfield>
    <subfield code="v">Biography.</subfield>
  </datafield>
  <datafield tag="740" ind1="0" ind2="1">
    <subfield code="a">Maranatha Man.</subfield>
  </datafield>
  <datafield tag="942" ind1=" " ind2=" ">
    <subfield code="2">ddc</subfield>
    <subfield code="c">BK</subfield>
  </datafield>
  <datafield tag="952" ind1=" " ind2=" ">
    <subfield code="0">0</subfield>
    <subfield code="1">0</subfield>
    <subfield code="2">ddc</subfield>
    <subfield code="4">0</subfield>
    <subfield code="7">1</subfield>
    <subfield code="8">NFIC</subfield>
    <subfield code="a">HMC</subfield>
    <subfield code="b">HMC</subfield>
    <subfield code="c">GEN</subfield>
    <subfield code="d">2018-11-23</subfield>
    <subfield code="g">180.00</subfield>
    <subfield code="l">0</subfield>
    <subfield code="o">286.1 L911M</subfield>
    <subfield code="p">004472</subfield>
    <subfield code="r">2018-11-23 00:00:00</subfield>
    <subfield code="w">2018-11-23</subfield>
    <subfield code="y">BK</subfield>
  </datafield>
</record>
